All 1M Cities by first Two Letters - Statistics

General Stats
  • This quiz has been taken 8,896 times
  • The average score is 418 of 544
Answers on the Map
Answers color-coded by a green-red scale on the quiz's map according to % correct below.
 
Answer Stats
City % Correct
Cairo
97%
Calgary
97%
Cali
97%
Campinas
97%
Cangnan
97%
Cape Town
97%
Caracas
97%
Cartagena
97%
Casablanca
97%
Lome
97%
London
97%
Los Angeles
97%
Louisville
97%
Sacramento
97%
Salem
97%
Salt Lake City
97%
Salvador
97%
Samara
97%
Sanaa
97%
San Antonio
97%
San Diego
97%
San Francisco
97%
San Jose
97%
San Juan
97%
San Luis Potosi
97%
San Pedro Sula
97%
San Salvador
97%
Santa Cruz
97%
Santiago
97%
Santo Domingo
97%
Santos
97%
Sao Luis
97%
Sao Paulo
97%
Sapporo
97%
Saratov
97%
St. Louis
97%
St. Petersburg
97%
Baghdad
96%
Baku
96%
Bamako
96%
Bandar Lampung
96%
Bandung
96%
Bangalore
96%
Bangkok
96%
Bangui
96%
Baoding
96%
Baoji
96%
Baotou
96%
Barcelona
96%
Bareilly
96%
Barquisimeto
96%
Barranquilla
96%
Basra
96%
Batam
96%
Beijing
96%
Beirut
96%
Belem
96%
Belgrade
96%
Belo Horizonte
96%
Bengbu
96%
Benin City
96%
Benxi
96%
Berlin
96%
Maanshan
96%
Maceio
96%
Madrid
96%
Madurai
96%
Maiduguri
96%
Makassar
96%
Makkah
96%
Malaga
96%
Malang
96%
Managua
96%
Manama
96%
Manaus
96%
Manchester
96%
Mandalay
96%
Manila
96%
Mannheim
96%
Maoming
96%
Maputo
96%
Maracaibo
96%
Maracay
96%
Marrakesh
96%
Marseille
96%
Masan
96%
Mashhad
96%
Mogadishu
96%
Mombasa
96%
Monrovia
96%
Monterrey
96%
Montevideo
96%
Montréal
96%
Moradabad
96%
Moscow
96%
Mosul
96%
Medan
95%
Medellin
95%
Medina
95%
Meerut
95%
Melbourne
95%
Memphis
95%
Mendoza
95%
Merida
95%
Mexicali
95%
Mexico City
95%
Newcastle
95%
New Orleans
95%
New York
95%
Lianyungang
94%
Lille
94%
Lilongwe
94%
Lima
94%
Linyi
94%
Lisbon
94%
Liuzhou
94%
Liverpool
94%
Palembang
94%
Panama City
94%
Paris
94%
Patna
94%
Tokyo
94%
Toluca
94%
Toronto
94%
Torreon
94%
Dubai
93%
Dublin
93%
Durban
93%
Miami
93%
Mianyang
93%
Milan
93%
Milwaukee
93%
Minneapolis
93%
Minsk
93%
Bogota
92%
Bordeaux
92%
Boston
92%
Bucaramanga
92%
Bucharest
92%
Budapest
92%
Buenos Aires
92%
Buffalo
92%
Bursa
92%
Busan
92%
Haikou
92%
Hamamatsu
92%
Hamburg
92%
Handan
92%
Hangzhou
92%
Hannover
92%
Hanoi
92%
Harare
92%
Harbin
92%
Harrisburg
92%
Hartford
92%
Havana
92%
Port-au-Prince
92%
Port Elizabeth
92%
Port Harcourt
92%
Portland
92%
Porto
92%
Porto Alegre
92%
Seattle
92%
Semarang
92%
Sendai
92%
Seoul
92%
Serang
92%
Seville
92%
Cochabamba
91%
Coimbatore
91%
Cologne
91%
Colombo
91%
Columbus
91%
Conakry
91%
Cordoba
91%
Cotonou
91%
Daegu
91%
Daejeon
91%
Dakar
91%
Dalian
91%
Dallas
91%
Damascus
91%
Dammam
91%
Daqing
91%
Dar es Salaam
91%
Datong
91%
Davao
91%
Delhi
91%
Denpasar
91%
Denver
91%
Detroit
91%
Ho Chi Minh City
91%
Hohhot
91%
Hong Kong
91%
Honolulu
91%
Houston
91%
Lagos
91%
Lahore
91%
Lanzhou
91%
La Paz
91%
Las Vegas
91%
Nagoya
91%
Nagpur
91%
Naha
91%
Nairobi
91%
Nanchang
91%
Nanchong
91%
Nanjing
91%
Nanning
91%
Nantong
91%
Nanyang
91%
Naples
91%
Nashville
91%
Nasik
91%
Natal
91%
Angeles
89%
Ankara
89%
Anshan
89%
Antalya
89%
Antananarivo
89%
Antwerpen
89%
Brasilia
89%
Brazzaville
89%
Brisbane
89%
Brussels
89%
Vadodara
89%
Valencia
89%
Valparaiso
89%
Vancouver
89%
Varanasi
89%
Richmond
88%
Rio de Janeiro
88%
Riyadh
88%
Rizhao
88%
Wanxian
88%
Warsaw
88%
Washington, D.C.
88%
Aleppo
87%
Alexandria
87%
Algiers
87%
Aligarh
87%
Allahabad
87%
Almaty
87%
Kabul
87%
Kaduna
87%
Kaifeng
87%
Kampala
87%
Kano
87%
Kanpur
87%
Kansas City
87%
Kaohsiung
87%
Karachi
87%
Kathmandu
87%
Katowice
87%
Kayseri
87%
Kazan
87%
Multan
87%
Mumbai
87%
Munich
87%
Muscat
87%
Osaka
87%
Oslo
87%
Pekanbaru
87%
Perm
87%
Perth
87%
Peshawar
87%
Rome
87%
Rosario
87%
Rostov
87%
Rotterdam
87%
Chandigarh
86%
Changchun
86%
Changsha
86%
Changzhou
86%
Charlotte
86%
Chelyabinsk
86%
Chengdu
86%
Chennai
86%
Chicago
86%
Chifeng
86%
Chittagong
86%
Chon Buri
86%
Chongqing
86%
Hefei
86%
Helsinki
86%
Hengyang
86%
Kiev
86%
Kigali
86%
Kinshasa
86%
Kirkuk
86%
Kitakyushu
86%
Athens
85%
Atlanta
85%
Adana
84%
Addis Ababa
84%
Adelaide
84%
Auckland
84%
Aurangabad
84%
Austin
84%
Jabalpur
84%
Jacksonville
84%
Jaipur
84%
Jakarta
84%
Jalandhar
84%
Jamshedpur
84%
Stockholm
84%
Stockton
84%
Stuttgart
84%
Tabriz
84%
Taian
84%
Taichung
84%
Tainan
84%
Taipei
84%
Taiyuan
84%
Taizhou
84%
Tampa
84%
Tangshan
84%
Tashkent
84%
Guadalajara
82%
Guangzhou
82%
Guatemala
82%
Guayaquil
82%
Guilin
82%
Guiyang
82%
Gujranwala
82%
Guwahati
82%
Tegucigalpa
81%
Tehran
81%
Tel Aviv-Yafo
81%
Teresina
81%
Tunis
81%
Turin
81%
Aba
80%
Abidjan
80%
Abu Dhabi
80%
Abuja
80%
Amman
80%
Amritsar
80%
Amsterdam
80%
Rabat
80%
Rajkot
80%
Raleigh
80%
Ranchi
80%
Rangoon
80%
Rawalpindi
80%
Sydney
79%
Birmingham
77%
Joao Pessoa
77%
Jodhpur
77%
Johannesburg
77%
Sofia
77%
Sousse
77%
Southampton
77%
Doha
76%
Donetsk
76%
Douala
76%
The Ruhr
76%
Asansol
75%
Ashgabat
75%
Asuncion
75%
Luanda
75%
Lubumbashi
75%
Lucknow
75%
Ludhiana
75%
Luoyang
75%
Lusaka
75%
Edmonton
74%
Nottingham
74%
Nouakchott
74%
Novosibirsk
74%
Isfahan
73%
Istanbul
73%
Shanghai
72%
Shantou
72%
Sheffield
72%
Shenyeng
72%
Shijianzhuang
72%
Shiraz
72%
Shizuoka
72%
Sholapur
72%
Vienna
72%
Vijayawada
72%
Virginia Beach
72%
Vishakhapatnam
72%
Vitoria
72%
Kuala Lumpur
71%
Kumamoto
71%
Kumasi
71%
Kunming
71%
Kuwait
71%
Philadelphia
71%
Phnom Penh
71%
Phoenix
71%
Queretaro
71%
Quetta
71%
Quito
71%
Niamey
69%
Ningbo
69%
Nizhny Novgorod
69%
Kobenhavn
68%
Kochi
68%
Kolkata
68%
Konya
68%
Kota
68%
Tianjin
68%
Tijuana
68%
Tiruchirappalli
68%
Tiruppur
68%
Glasgow
66%
Jeddah
66%
Leeds
66%
Leon
66%
Prague
64%
Singapore
63%
Tripoli
63%
Kharkiv
62%
Khartoum
62%
Khulna
62%
Accra
60%
Frankfurt
60%
Freetown
60%
Recife
60%
Cincinnati
59%
Ciudad Juarez
59%
Cixi
59%
Surabaya
59%
Surakarta
59%
Surat
59%
Suzhou
59%
Oran
58%
Orlando
58%
Ulaanbaatar
58%
Ulsan
58%
Ottawa
57%
Lyon
56%
Yekaterinburg
56%
Yerevan
56%
Zunyi
56%
Zurich
56%
Fez
55%
Gaza
55%
Gaziantep
55%
Fortaleza
54%
El Paso
53%
Pittsburgh
53%
Puebla
53%
Pune
53%
Putian
53%
Xiamen
53%
Xian
53%
Xiangfan
53%
Xiangtai
53%
Xiangtan
53%
Xining
53%
Xinxiang
53%
Yancheng
53%
Yangzhou
53%
Yantai
53%
Yaounde
53%
Cebu
52%
George Town
49%
Nurnberg
49%
Goiania
48%
Cuernavaca
47%
Curitiba
47%
Weifang
47%
Wenzhou
47%
Wuhan
47%
Wuhu
47%
Wuxi
47%
Ahmedabad
46%
Ahvaz
46%
Hiroshima
46%
Agadir
44%
Agra
44%
Aguascalientes
44%
Indianapolis
44%
Indore
44%
Odessa
44%
Volgograd
44%
Voronezh
44%
Fuji
43%
Fukuoka
43%
Fuzhou
43%
Dhaka
42%
Dhanbad
42%
Cleveland
41%
Okayama
40%
Oklahoma City
40%
Urumqi
40%
Huaibei
39%
Huainan
39%
Huaiyin
39%
Hubli
39%
Huizhou
39%
Izmir
39%
Ouagadougou
39%
Faisalabad
38%
Jiangyin
36%
Jiaozuo
36%
Jilin
36%
Jinan
36%
Jinhua
36%
Jinzhou
36%
Yogyakarta
36%
Omsk
35%
Pyongyang
35%
Hyderabad
34%
Tbilisi
34%
N'Djamena
33%
Krasnoyarsk
30%
Greensboro
27%
Qingdao
27%
Qingyuan
27%
Qinhuangdao
27%
Qiqihar
27%
Zibo
27%
Irbil
24%
Dnipropetrovsk
23%
Bhilai
22%
Bhopal
22%
Bhubaneshwar
22%
Ibadan
22%
Qom
21%
Srinagar
21%
Onitsha
20%
Yichang
20%
Yinchuan
20%
Zhangjiakou
19%
Zhanjiang
19%
Zhengzhou
19%
Zhenjiang
19%
Zhuhai
19%
Zhuzhou
19%
Ufa
18%
Xuzhou
17%
Mbuji-Mayi
15%
Mysore
15%
McAllen
13%
Gwalior
8%
Gwangju
8%
No matching quizzes found
Score Distribution
Percent of People with Each Score
Percentile by Number Answered
Your Score History
You have not taken this quiz